000 00819nam a22002777a 4500
001 7936
003 FISKH
005 20250814104357.0
008 250814b cb ||||| |||| 00| 0 eng d
020 _a9780439024488
040 _aFISKH
_beng
_cFISKH
_dFISKH
050 _aR130 .B47
082 _a613
100 _aBerger, Melvin
245 _aCheckup /
_cby Melvin and Gilda Berger
260 _aNew York :
_bScholastic,
_c2007.
300 _a32 pages :
_bcolor illustrations ;
_c18 x 22 m
505 _aE
520 _aColorful photgraphs and simple sentences briefly describes visits to the doctors.
521 8 _a160
_bLexile estimate
521 8 _aE
_bRaz-Plus
650 _aMy body
_vDoctor's Appointment
_yBody
700 _aBerger, Gilda
_eAuthor
942 _2ddc
_cBK
_n0
999 _c7936
_d7936